Už jsem tě dnes políbil, miláčku? /

Hlavní autor: Malone, Bev
Další autoři: Bečvářová, Aurelie
Jazyk: Čeština
Vydáno: Praha : I. Železný, 1994
Vydání: 1. vyd.
Edice: Žhavé lásky
Lásky
Témata:
Fyzický popis: 124 s.
Knihy
Uloženo v:
LEADER 01103nam a2200337 a 4500
001 000013017
003 CZ BrMZK
005 20260223123503.0
007 ta
008 941117s1994 xr g j cze d
020 |a 80-237-1668-9  |c 24.90 
040 |a BOA001  |b cze 
072 7 |a 821-31/-34  |x Milostná, dobrodružná, fantastická próza  |2 Konspekt  |9 25 
080 |a 821-322.5  |2 MRF 
080 |a (0:82-322.5)  |2 MRF 
100 1 |a Malone, Bev 
245 1 0 |a Už jsem tě dnes políbil, miláčku? /  |c Z něm. překl. přel. Aurelie Bečvářová 
250 |a 1. vyd. 
260 |a Praha :  |b I. Železný,  |c 1994 
300 |a 124 s. 
490 1 |a Žhavé lásky ;  |v 32 (B 16/94) 
490 1 |a Lásky ;  |v 95 
655 7 |a milostné povídky  |7 fd132834  |2 czenas 
655 9 |a love short stories  |2 eczenas 
700 1 |a Bečvářová, Aurelie  |7 jx20040720110 
765 0 |t Heute schon geküsst, Darling? 
830 0 |a Žhavé lásky 
830 0 |a Lásky 
910 |a BOA001  |b 1-1003.625 
990 |a BK 
996 6 |b 2610014521  |c 1-1003.625  |l MZK  |r Sklad / do 1 hodiny  |n 2  |p p.v.  |w 000013017  |u 000010  |a 1  |e BOA001  |j MZK50  |s P